[Event "Euro Online U2300 Day 2"]
[Site "chess.com INT"]
[Date "2020.05.26"]
[Round "2"]
[White "Samadov, Read"]
[Black "Khachatryan, Veronika"]
[Result "1/2-1/2"]
[WhiteTitle "CM"]
[WhiteElo "2332"]
[BlackElo "1869"]
[WhiteFideId "13417444"]
[BlackFideId "13310852"]
[EventDate "2020.05.26"]

1. d4 Nf6 2. c4 c5 3. d5 b5 4. cxb5 a6 5. b6 d6 6. Nc3 g6 7. e4 Bg7 8. Nf3 O-O
9. Be2 a5 10. O-O Nbd7 11. a4 Qxb6 12. Bb5 Ba6 13. Qe2 Rfb8 14. Nd2 Bxb5 15.
axb5 a4 16. Nc4 Qb7 17. Bg5 Nb6 18. Nxb6 Qxb6 19. Qc4 Kf8 20. Rxa4 Rxa4 21. Qxa4
Ne8 22. Qd1 h6 23. Be3 Nc7 24. Qd2 h5 25. b4 Nxb5 26. bxc5 dxc5 27. Na4 Qc7 28.
Nxc5 Ra8 29. Rc1 Kg8 30. Qd3 Qa5 31. Bd2 Qb6 32. Nd7 Qb7 33. Nc5 Qb6 34. Be3 Qa5
35. Nb3 Qa4 36. Nc5 Qa5 1/2-1/2

[Event "Euro Online U2300 Day 2"]
[Site "chess.com INT"]
[Date "2020.05.26"]
[Round "2"]
[White "Krayz, Alexander"]
[Black "Giannoulakis, Lampros"]
[Result "1-0"]
[WhiteTitle "IM"]
[BlackTitle "FM"]
[WhiteElo "2350"]
[BlackElo "2293"]
[WhiteFideId "2802066"]
[BlackFideId "4247019"]
[EventDate "2020.05.26"]

1. e4 e5 2. Nf3 Nc6 3. Bb5 a6 4. Ba4 Nf6 5. Qe2 b5 6. Bb3 Be7 7. c3 d6 8. O-O
O-O 9. Rd1 Na5 10. Bc2 c5 11. d4 Qc7 12. h3 Bd7 13. dxe5 dxe5 14. Nbd2 c4 15.
Nf1 Nb7 16. Ng3 Nc5 17. Nh2 Rad8 18. Qf3 Be6 19. Be3 Rfe8 20. Nf5 Bf8 21. Bg5
Rxd1+ 22. Rxd1 Nfd7 23. Ng4 f6 24. Bc1 Bf7 25. Qg3 Kh8 26. Nfe3 Nb6 27. Nf5 Rd8
28. Qf3 Rxd1+ 29. Qxd1 Qd7 30. Qxd7 Nbxd7 31. Kf1 a5 32. Ke2 b4 33. Nge3 Nb6 34.
cxb4 axb4 35. Bd2 Nca4 36. b3 Nb2 37. Bc1 g6 38. Ng3 c3 39. Bxb2 cxb2 40. Nd1
Na8 41. Nxb2 Nc7 42. Bd3 Ne6 43. Bc4 Nd4+ 44. Kd3 Be8 45. Ne2 Bc5 46. f3 f5 47.
Bd5 Nb5 48. Nc4 Bd4 49. Nxd4 exd4 50. e5 Kg7 51. Nd6 Nxd6 52. exd6 Kf6 53. Kxd4
f4 54. Kc5 Ke5 55. Bc6 1-0

[Event "Euro Online U2300 Day 2"]
[Site "chess.com INT"]
[Date "2020.05.26"]
[Round "2"]
[White "Saveliev, Alexei"]
[Black "Vardanyan, Aras"]
[Result "1-0"]
[WhiteTitle "IM"]
[WhiteElo "2352"]
[BlackElo "2178"]
[WhiteFideId "24128546"]
[BlackFideId "12808792"]
[EventDate "2020.05.26"]

1. e4 c5 2. Nf3 d6 3. d4 cxd4 4. Nxd4 Nf6 5. Nc3 a6 6. Be2 e5 7. Nb3 Be7 8. Be3
O-O 9. g4 b5 10. g5 Nfd7 11. h4 Bb7 12. a4 f5 13. axb5 axb5 14. Rxa8 Bxa8 15.
Bxb5 Nb6 16. Bxb6 Qxb6 17. Bc4+ Kh8 18. Bd5 fxe4 19. Nxe4 Nc6 20. c3 Qb5 21. Rh3
Bb7 22. Qd3 Qa4 23. Rf3 Rc8 24. Nbd2 Ba6 25. Bc4 Qa1+ 26. Ke2 Bxc4 27. Nxc4 Qc1
28. Nexd6 Bxd6 29. Qxd6 Qc2+ 30. Nd2 h5 31. Rf8+ Rxf8 32. Qxf8+ Kh7 33. Qf7 Nd8
34. Qxh5+ Kg8 35. Qe8+ Kh7 36. Qxd8 Qxb2 37. Qd3+ Kh8 38. g6 Qb8 39. Nf3 Qe8 40.
Ng5 e4 41. Qd8 1-0

[Event "Euro Online U2300 Day 2"]
[Site "chess.com INT"]
[Date "2020.05.26"]
[Round "2"]
[White "Antonica, Dragos-Andrei"]
[Black "Mikheev, Aleksey"]
[Result "0-1"]
[WhiteTitle "FM"]
[WhiteElo "2301"]
[BlackElo "2239"]
[WhiteFideId "1246372"]
[BlackFideId "24177660"]
[EventDate "2020.05.26"]

1. d4 Nf6 2. Bf4 g6 3. Nf3 Bg7 4. Nc3 d5 5. e3 O-O 6. Bd3 c6 7. O-O Nbd7 8. e4
dxe4 9. Nxe4 Nd5 10. Bg3 Qb6 11. c4 N5f6 12. Rb1 Nxe4 13. Bxe4 Nf6 14. Bd3 Bg4
15. Re1 Rad8 16. Be5 c5 17. d5 e6 18. Bxf6 Bxf6 19. h3 exd5 20. cxd5 Rxd5 21.
Qe2 Re5 22. Be4 Rfe8 23. hxg4 Rxe4 24. Qxe4 Rxe4 25. Rxe4 h6 26. b3 Kg7 27. Rd1
Qc6 28. Re2 b5 29. Ne5 Qe6 30. Rde1 Qd6 31. Re4 Qd5 32. R1e2 a6 33. Kh2 Qd6 34.
Kh3 Qd1 35. Kh2 Bd8 36. Nf3 Bc7+ 37. g3 c4 38. bxc4 bxc4 39. Kg2 c3 40. Re1 c2
41. Rc4 Ba5 42. Rh1 Bd2 43. Nxd2 Qxd2 44. Rc7 Qd5+ 45. Kh2 Qd2 46. Kg2 a5 47. a3
Kf6 48. Rc6+ Ke5 49. Rg1 Qd5+ 50. Kh2 Qxc6 0-1

[Event "Euro Online U2300 Day 2"]
[Site "chess.com INT"]
[Date "2020.05.26"]
[Round "2"]
[White "Schekachikhin, Maksim"]
[Black "Rogule, Laura"]
[Result "0-1"]
[WhiteTitle "IM"]
[BlackTitle "WGM"]
[WhiteElo "2406"]
[BlackElo "2297"]
[WhiteFideId "24177830"]
[BlackFideId "11601876"]
[EventDate "2020.05.26"]

1. d4 d5 2. Bf4 Nf6 3. e3 c5 4. c3 Nc6 5. Nd2 e6 6. Ngf3 Be7 7. Bb5 a6 8. Bxc6+
bxc6 9. Qa4 Qb6 10. Ne5 Bb7 11. Qb3 Qa7 12. Bg5 a5 13. O-O a4 14. Qc2 Bd6 15.
Rfe1 Bxe5 16. dxe5 Nd7 17. Nf3 c4 18. e4 c5 19. exd5 Bxd5 20. Rad1 Qb7 21. Qd2
a3 22. bxa3 Rxa3 23. Rb1 Qa8 24. Qf4 Rxc3 25. Nd2 h6 26. Qh4 Bxg2 27. Be3 Bd5
28. Qg3 g5 29. Rec1 Rxc1+ 30. Rxc1 Qxa2 31. h4 Rg8 32. hxg5 hxg5 33. Qh2 c3 34.
Qh7 Rf8 35. Rxc3 Qa1+ 36. Nb1 Ba2 37. Rc1 Qxe5 38. Nc3 Rh8 39. Qd3 Bd5 40. Kf1
Rh1+ 41. Ke2 Rxc1 42. Nxd5 exd5 43. Qa3 Rc2+ 44. Kd1 Rc3 45. Qa8+ Ke7 0-1

[Event "Euro Online U2300 Day 2"]
[Site "chess.com INT"]
[Date "2020.05.26"]
[Round "2"]
[White "Gombocz, Ferenc Jr."]
[Black "Kabanova, Ekaterina"]
[Result "0-1"]
[WhiteTitle "FM"]
[BlackTitle "WFM"]
[WhiteElo "2209"]
[BlackElo "2138"]
[WhiteFideId "775029"]
[BlackFideId "24112917"]
[EventDate "2020.05.26"]

1. c4 c5 2. g3 e6 3. Bg2 Nf6 4. Nf3 a6 5. O-O Qc7 6. Nc3 Be7 7. b3 O-O 8. Bb2 b6
9. d4 cxd4 10. Nxd4 Bb7 11. e4 d6 12. Rc1 Nbd7 13. Kh1 Rac8 14. f4 Rfe8 15. Qe2
Qb8 16. Rcd1 h6 17. h3 Qa8 18. Kh2 Nc5 19. Rfe1 Rcd8 20. g4 Qb8 21. e5 dxe5 22.
fxe5 Bxg2 23. Kxg2 Nh7 24. Nc6 Qb7 25. Qf3 Ng5 26. Nxe7+ Qxe7 27. Qe3 Qb7+ 28.
Kf2 Rd7 29. Rxd7 Qxd7 30. h4 Nd3+ 31. Kf1 Nxe1 32. Kxe1 Nh7 33. Ne4 Qc6 34. g5
hxg5 35. hxg5 Rd8 36. Qf3 Qd7 37. Qg4 Qd3 38. Bc3 Nxg5 39. Qxg5 Qxe4+ 40. Kf2
Qc2+ 41. Kf1 Rd1+ 42. Be1 Qd3+ 43. Kf2 Qd4+ 44. Ke2 Qd3+ 45. Kf2 Ra1 46. a4 Ra2+
47. Kg1 Qd4+ 48. Kf1 Qd1 49. Qe7 Qe2+ 0-1

[Event "Euro Online U2300 Day 2"]
[Site "chess.com INT"]
[Date "2020.05.26"]
[Round "2"]
[White "Antova, Gabriela"]
[Black "Terbe, Julianna"]
[Result "1-0"]
[WhiteTitle "FM"]
[BlackTitle "WIM"]
[WhiteElo "2255"]
[BlackElo "2273"]
[WhiteFideId "2915235"]
[BlackFideId "708780"]
[EventDate "2020.05.26"]

1. e4 c5 2. Nf3 Nc6 3. d4 cxd4 4. Nxd4 Nf6 5. Nc3 e5 6. Ndb5 d6 7. Nd5 Nxd5 8.
exd5 Nb8 9. Qf3 Be7 10. Qc3 Na6 11. Be3 O-O 12. Nxa7 f5 13. f3 Bh4+ 14. g3 f4
15. Bf2 Bf6 16. Qd2 Bf5 17. Bxa6 bxa6 18. Nc6 Qe8 19. O-O-O Bd7 20. Na5 Qb8 21.
gxf4 Rc8 22. fxe5 Bxe5 23. Bd4 Bxd4 24. Qxd4 Qc7 25. Nc6 Bxc6 26. dxc6 Qxc6 27.
Qd5+ Kh8 28. Qxc6 Rxc6 29. Rhe1 Rf8 30. Re6 g5 31. Rd3 g4 32. fxg4 Rf1+ 33. Kd2
Rf2+ 34. Re2 Rxc2+ 35. Kxc2 Rxe2+ 36. Rd2 Re4 37. Rxd6 Rxg4 38. Rxa6 Rg2+ 39.
Kb3 Rxh2 40. a4 h5 41. a5 h4 42. Rh6+ Kg7 43. Rc6 h3 44. a6 Rh1 45. Rc3 h2 46.
Rh3 Kf6 47. Ka2 Rg1 48. Rxh2 Rg5 49. Rh6+ Ke7 50. b4 Kd7 51. Ka3 Kc7 52. Ka4 Kb8
53. b5 Ka7 54. Ka5 Rf5 55. Rh7+ Kb8 56. Rd7 Rh5 57. Kb4 Rg5 58. b6 Rg4+ 59. Kc5
Rg5+ 60. Rd5 Rg7 61. Rd8# 1-0

[Event "Euro Online U2300 Day 2"]
[Site "chess.com INT"]
[Date "2020.05.26"]
[Round "2"]
[White "Slizunkov, Dmitry"]
[Black "Musovic, Armin"]
[Result "1-0"]
[BlackTitle "FM"]
[WhiteElo "2120"]
[BlackElo "2219"]
[WhiteFideId "34185949"]
[BlackFideId "939935"]
[EventDate "2020.05.26"]

1. d4 d5 2. Nf3 Nf6 3. Bf4 c5 4. e3 Nc6 5. Nbd2 cxd4 6. exd4 Bg4 7. c3 a6 8. Bd3
e6 9. h3 Bh5 10. O-O Bd6 11. Bg5 O-O 12. Re1 Rc8 13. Bh4 Re8 14. Bg3 Bxg3 15.
fxg3 e5 16. g4 e4 17. gxh5 exd3 18. Ne5 Qb6 19. Nxc6 Rxe1+ 20. Qxe1 Rxc6 21. Rb1
Re6 22. Qg3 h6 23. Qxd3 Nxh5 24. Qf5 g6 25. Qf3 Qb5 26. Nf1 Rf6 27. Qe3 Nf4 28.
b3 Ne2+ 29. Kh2 Re6 30. Qf3 Qc6 31. Ne3 Nxc3 32. Rc1 Qd6+ 33. Kg1 Qg3 34. Rxc3
Qe1+ 35. Nf1 Kg7 36. Re3 Rxe3 37. Qxe3 Qa5 38. a4 Qd8 39. Qe5+ Kg8 40. Ne3 Qb6
41. Nxd5 Qxb3 42. Nf6+ Kf8 43. Nd7+ Kg8 44. Qe8+ Kh7 45. Qe5 Kg8 46. d5 Qd1+ 47.
Kh2 Qxa4 48. Qe8+ Kg7 49. Qf8+ Kh7 50. Nf6# 1-0

[Event "Euro Online U2300 Day 2"]
[Site "chess.com INT"]
[Date "2020.05.26"]
[Round "2"]
[White "Pankratov, Oleg"]
[Black "Manukyan, Artyom"]
[Result "0-1"]
[WhiteElo "2104"]
[BlackElo "2148"]
[WhiteFideId "24115290"]
[BlackFideId "13305786"]
[EventDate "2020.05.26"]

1. d4 d5 2. c4 e6 3. Nc3 Nf6 4. Bg5 c5 5. cxd5 cxd4 6. Qa4+ Qd7 7. Qxd4 Nc6 8.
Qd1 Nxd5 9. Nxd5 exd5 10. Nf3 h6 11. Be3 Be7 12. g3 d4 13. Bf4 O-O 14. Bg2 Bb4+
15. Bd2 Re8 16. O-O Bc5 17. Rc1 Bb6 18. Bf4 Qe6 19. Qa4 Bd7 20. Rfe1 Rad8 21.
Qa3 Qf6 22. b4 a6 23. Qb2 g5 24. Bd2 Qf5 25. a4 Bc8 26. h3 Ne5 27. g4 Nxf3+ 28.
Bxf3 Qe5 29. Bg2 Ba7 30. Kf1 Be6 31. b5 Bd5 32. f3 axb5 33. Qxb5 Qg3 34. Rc5
Bxc5 35. Qxc5 Qe5 36. Kf2 Bc6 37. Qxe5 Rxe5 38. a5 Rde8 39. Bf1 Rb5 40. Rd1 Rb2
41. Bc1 Rb1 42. Re1 Ra1 43. h4 f6 44. hxg5 hxg5 45. Bd2 Ra2 46. Rd1 Ba4 47. Rb1
Rxd2 48. f4 d3 49. Ke1 Ra2 50. fxg5 dxe2 51. Bg2 Rd8 52. gxf6 Rd1+ 53. Kf2 e1=Q+ 0-1

[Event "Euro Online U2300 Day 2"]
[Site "chess.com INT"]
[Date "2020.05.26"]
[Round "2"]
[White "Samaridis, Konstantinos"]
[Black "Goltseva, Ekaterina"]
[Result "1-0"]
[BlackTitle "FM"]
[WhiteElo "2105"]
[BlackElo "2306"]
[WhiteFideId "4262867"]
[BlackFideId "24173770"]
[EventDate "2020.05.26"]

1. e4 e5 2. Nf3 Nc6 3. Nc3 Nf6 4. d4 exd4 5. Nxd4 Bb4 6. Nxc6 bxc6 7. Bd3 d5 8.
exd5 cxd5 9. O-O O-O 10. h3 c6 11. Qf3 Bd6 12. Bf4 Be6 13. Rfe1 Rb8 14. b3 Rb4
15. Bxd6 Qxd6 16. Qg3 Qxg3 17. fxg3 c5 18. g4 h6 19. Rad1 c4 20. Bf5 cxb3 21.
cxb3 d4 22. Ne4 Nd5 23. Bxe6 fxe6 24. Nc5 Ne3 25. Nxe6 Nxd1 26. Nxf8 Nc3 27. Ne6
Nxa2 28. Ra1 Nc3 29. Rxa7 d3 30. Rxg7+ Kh8 31. Rd7 Ne2+ 32. Kf2 Nc1 33. Nc5 Nxb3
34. Nxd3 Ra4 35. Kg3 Nd4 36. Ne5 Ne6 37. Nf7+ Kg8 38. Nxh6+ Kf8 39. Nf5 Ng5 40.
Rb7 Ne4+ 41. Kh4 Ra2 42. g3 Ra6 43. Kh5 Nf6+ 44. Kg5 Ne4+ 45. Kf4 Nc5 46. Rh7
Kg8 47. Rh6 Ra3 48. Rd6 Ra4+ 49. Ke5 Kf7 50. Rf6+ Kg8 51. Rc6 Nd7+ 52. Ke6 Nf8+
53. Kf6 Nd7+ 54. Kg5 Ne5 55. Rc8+ Kh7 56. Kf6 Nf3 57. Rc7+ Kh8 58. Re7 Ra6+ 59.
Re6 Ra8 60. Kg6 Rg8+ 61. Kh6 Rb8 62. g5 Rf8 63. g6 Kg8 64. Ne7+ Kh8 65. g7# 1-0

[Event "Euro Online U2300 Day 2"]
[Site "chess.com INT"]
[Date "2020.05.26"]
[Round "2"]
[White "Monteverde, Jonathan"]
[Black "Karaoglan, Doruk"]
[Result "0-1"]
[BlackTitle "CM"]
[WhiteElo "2105"]
[BlackElo "2230"]
[WhiteFideId "1314580"]
[BlackFideId "6390927"]
[EventDate "2020.05.26"]

1. d4 Nf6 2. c4 g6 3. Nc3 Bg7 4. e4 d6 5. Nf3 O-O 6. h3 e5 7. d5 Nh5 8. g3 Na6
9. Bg5 f6 10. Bd2 f5 11. exf5 gxf5 12. Nh4 Nf4 13. Nf3 Ng6 14. Bg5 Qe8 15. Qd2
Nc5 16. O-O-O f4 17. gxf4 e4 18. Nh4 a5 19. Rg1 a4 20. f5 Nxh4 21. Bxh4 Bxf5 22.
Rxg7+ Kxg7 23. Be2 Bg6 24. Bg5 Kg8 25. Be3 a3 26. b3 Qe5 27. Bd4 Nd3+ 28. Bxd3
Qxd4 29. Bxe4 Qxf2 30. Bxg6 Qxd2+ 31. Kxd2 hxg6 32. Rg1 Kg7 33. Ne4 Rae8 34. Kd3
Rf3+ 35. Kd4 Rf4 36. Re1 Rf3 37. Re2 Rxh3 38. Rf2 Rh4 39. Re2 Rf4 40. Kd3 Rf3+
41. Kd2 Rf4 42. Kd3 Re5 43. Re3 Rh4 44. Re2 g5 45. Nxg5 Rxg5 46. Re7+ Kf6 47.
Rxc7 Rg3+ 48. Ke2 Rh2+ 49. Kf1 Rxa2 50. Rxb7 Rc3 51. Rf7+ Kxf7 52. c5 Rcc2 53.
cxd6 Rc1# 0-1

[Event "Euro Online U2300 Day 2"]
[Site "chess.com INT"]
[Date "2020.05.26"]
[Round "2"]
[White "Tereladze, Sopiko"]
[Black "Tsaknakis, Zisis"]
[Result "1-0"]
[WhiteTitle "WIM"]
[WhiteElo "2141"]
[BlackElo "2217"]
[WhiteFideId "13600486"]
[BlackFideId "4259963"]
[EventDate "2020.05.26"]

1. e4 c5 2. Nf3 d6 3. d4 cxd4 4. Qxd4 Nc6 5. Bb5 Bd7 6. Bxc6 Bxc6 7. Nc3 Nf6 8.
Bg5 e6 9. O-O-O Be7 10. Kb1 Qa5 11. Rhe1 h6 12. Bh4 O-O-O 13. Qd2 Kb8 14. Nd4
Qb6 15. f3 d5 16. Nxc6+ Qxc6 17. exd5 Nxd5 18. Bxe7 Nxe7 19. Qf4+ Qc7 20. Qxf7
Nd5 21. Qxc7+ Nxc7 22. Rxd8+ Rxd8 23. Kc1 Kc8 24. Ne4 Rd5 25. c4 Rd4 26. b3 b5
27. Kc2 bxc4 28. Kc3 Nb5+ 29. Kb4 Nd6 30. Nxd6+ Rxd6 31. bxc4 Rd2 32. Rxe6 Rxg2
33. a4 Rxh2 34. Re7 Rb2+ 35. Kc5 Rb7 36. Re8+ Kd7 37. Rg8 Ke6 38. a5 Rc7+ 39.
Kb5 h5 40. c5 h4 41. c6 Kf5 42. Rd8 h3 43. Rh8 Re7 44. Rxh3 Re2 45. Rh8 Rc2 46.
Ra8 Rb2+ 47. Ka6 Rc2 48. Kb7 Rb2+ 49. Kc8 Kf4 50. Rxa7 g5 51. c7 Kxf3 52. Rb7
Ra2 53. Kb8 1-0

[Event "Euro Online U2300 Day 2"]
[Site "chess.com INT"]
[Date "2020.05.26"]
[Round "2"]
[White "Kacprzak, Karol"]
[Black "Tzoumbas, Anastasios"]
[Result "1-0"]
[BlackTitle "FM"]
[WhiteElo "1988"]
[BlackElo "2284"]
[WhiteFideId "21819327"]
[BlackFideId "4200519"]
[EventDate "2020.05.26"]

1. d4 Nf6 2. Nf3 e6 3. e3 c5 4. Bd3 b6 5. O-O Bb7 6. b3 Be7 7. Bb2 O-O 8. c4 d6
9. Nc3 Nbd7 10. d5 e5 11. Qc2 Re8 12. a4 a5 13. Nd2 Bc8 14. h3 Bf8 15. Rae1 Nb8
16. f4 Na6 17. Na2 g6 18. fxe5 dxe5 19. Qd1 Ra7 20. Qf3 Bg7 21. Nc3 Rae7 22. e4
Nh5 23. Ne2 Nb4 24. Bb1 Bh6 25. Bc1 Rf8 26. Qc3 f5 27. Nf3 Bg7 28. Bg5 Nf6 29.
Nxe5 h6 30. Nxg6 hxg5 31. Nxe7+ Qxe7 32. exf5 Nfxd5 33. f6 Bxf6 34. Qg3 Ne3 35.
Rf3 Nbc2 36. Rc1 Bb7 37. Bxc2 Bxf3 38. gxf3 Be5 39. f4 Bxf4 40. Nxf4 Rxf4 41.
Re1 Rf1+ 42. Rxf1 Nxf1 43. Kxf1 Qf6+ 44. Qf2 Qc3 45. Kg2 Kg7 46. Bd1 Qd4 47.
Qxd4+ cxd4 48. Kf3 1-0

[Event "Euro Online U2300 Day 2"]
[Site "chess.com INT"]
[Date "2020.05.26"]
[Round "2"]
[White "Koskela, Niina"]
[Black "Strybuk, Artsiom I"]
[Result "0-1"]
[WhiteTitle "WGM"]
[BlackTitle "FM"]
[WhiteElo "2197"]
[BlackElo "2215"]
[WhiteFideId "500755"]
[BlackFideId "13515659"]
[EventDate "2020.05.26"]

1. e4 e5 2. Bc4 Nf6 3. d3 c6 4. Nf3 Bd6 5. O-O h6 6. c3 O-O 7. Nbd2 Bc7 8. Bb3
d5 9. Re1 Bg4 10. h3 Bh5 11. Qe2 Re8 12. Nf1 Nbd7 13. g4 Bg6 14. Ng3 Nc5 15. Bc2
Ne6 16. Nf5 Nf4 17. Bxf4 exf4 18. e5 Bxf5 19. gxf5 Bxe5 20. Nxe5 Nd7 21. d4 f6
22. Qf3 fxe5 23. dxe5 Qg5+ 24. Kh2 Nxe5 25. Rxe5 Rxe5 26. Rg1 Qe7 27. Bd3 Rf8
28. Qxf4 Re1 29. Rg3 Qe5 30. Qd2 Kh8 31. f4 Qe7 32. Rg2 Qe3 33. Qf2 Qxf2 34.
Rxf2 Re3 35. Be2 Rxf5 36. Bg4 Rf8 37. Kg2 Re1 38. a3 Kg8 39. Bh5 Re4 40. f5 Re5
41. Bg6 Rf6 42. h4 Kf8 43. h5 Ke7 44. Kf3 Rf8 45. Rd2 Kf6 46. Kf4 Re4+ 47. Kf3
Rd8 48. Rd1 Rd7 49. Rd2 Rde7 50. Kf2 Rf4+ 51. Kg3 Ree4 52. Rc2 Ke5 53. Rd2 Re3+
54. Kg2 Kf6 55. Rc2 Rfe4 56. Kf2 Re1 57. Rd2 Rb1 58. Rc2 Rh4 59. Ke3 Rh3+ 60.
Kd4 b6 61. Re2 Rd1+ 0-1

[Event "Euro Online U2300 Day 2"]
[Site "chess.com INT"]
[Date "2020.05.26"]
[Round "2"]
[White "Mostbauer, Florian"]
[Black "Svane, Frederik"]
[Result "1/2-1/2"]
[WhiteTitle "FM"]
[WhiteElo "2309"]
[BlackElo "2421"]
[WhiteFideId "1626671"]
[BlackFideId "12923044"]
[EventDate "2020.05.26"]

1. c4 Nf6 2. g3 g6 3. Bg2 Bg7 4. Nc3 O-O 5. e3 c5 6. Nge2 Nc6 7. b3 d5 8. cxd5
Nb4 9. d4 cxd4 10. Nxd4 Nbxd5 11. Nxd5 Nxd5 12. Bb2 Qa5+ 13. Qd2 Qxd2+ 14. Kxd2
Rd8 15. Ke2 e5 16. Nb5 Bg4+ 17. f3 Bd7 18. Nc3 Nxc3+ 19. Bxc3 Bb5+ 20. Kf2 Rd3
21. Rac1 Bc6 22. Rhd1 Rad8 23. Rxd3 Rxd3 24. Bf1 Rd7 25. Be2 f5 26. Rd1 Rxd1 27.
Bxd1 Kf7 28. Be2 Ke6 29. Bc4+ Bd5 30. e4 Bxc4 31. bxc4 Bf8 32. Ke2 Bc5 33. h3 h5
34. Kd3 Bf2 35. g4 hxg4 36. hxg4 fxg4 37. fxg4 Kd6 38. Bb4+ Bc5 39. Bc3 Ba3 40.
Bd2 b6 41. Be3 Bc5 42. Bd2 a5 43. Bc1 Bd4 44. Ba3+ Kc6 45. Be7 Bc5 46. Bf6 Bd6
47. Bg5 a4 48. Be3 Bc5 49. Bd2 Bd4 50. Bb4 Bc5 51. Bd2 b5 52. cxb5+ Kxb5 53. Bc3
Bd6 54. Be1 Bb4 55. Bg3 Bd6 56. Be1 Kc5 57. Bc3 Bc7 58. a3 Kb5 59. Bb4 Bb6 60.
Be7 Bd4 61. Bd6 Kc6 62. Bf8 Kb5 63. Be7 Bb2 64. Bf8 Ba1 65. Be7 Bd4 66. Bf8 Bc5
67. Bxc5 Kxc5 68. Kc3 Kb5 69. Kd3 Kc5 70. Kc3 Kb5 71. Kd3 Kc5 1/2-1/2

[Event "Euro Online U2300 Day 2"]
[Site "chess.com INT"]
[Date "2020.05.26"]
[Round "2"]
[White "Salimova, Nurgyul"]
[Black "Martinkus, Rolandas"]
[Result "1-0"]
[WhiteTitle "IM"]
[BlackTitle "FM"]
[WhiteElo "2372"]
[BlackElo "2117"]
[WhiteFideId "2915138"]
[BlackFideId "12800481"]
[EventDate "2020.05.26"]

1. d4 d6 2. e4 Nf6 3. Nc3 Nbd7 4. Nf3 e5 5. g4 Nxg4 6. Rg1 exd4 7. Nxd4 Nde5 8.
h3 Nf6 9. Be3 c5 10. Nf3 Qa5 11. Nxe5 dxe5 12. Bb5+ Bd7 13. Bxd7+ Nxd7 14. Qd5
O-O-O 15. O-O-O f6 16. Qe6 Qa6 17. Qf7 Qc6 18. Rd2 c4 19. Rgd1 Bb4 20. Rxd7 Rxd7
21. Rxd7 Qxd7 22. Qxc4+ Kb8 23. Qxb4 Rc8 24. Nd5 f5 25. Bxa7+ Kxa7 26. Qa5+ Kb8
27. Nb6 Qd4 28. Qa8+ Kc7 29. Qxc8+ Kxb6 30. Qxf5 Qb4 31. Qe6+ Ka7 32. b3 Qxe4
33. Qd6 Qe1+ 34. Kb2 Qxf2 35. Qxe5 Qf7 36. Qa5+ Kb8 37. Qd8+ Ka7 38. Qd4+ Kb8
39. a4 h6 40. a5 Qf5 41. Qd8+ Ka7 42. Qb6+ Kb8 43. a6 Qe5+ 44. Ka2 Qe7 45. Qxb7+
Qxb7 46. axb7 Kxb7 47. Kb2 g5 48. Kc3 Kc6 49. Kd3 Kd5 50. Ke3 1-0

[Event "Euro Online U2300 Day 2"]
[Site "chess.com INT"]
[Date "2020.05.26"]
[Round "2"]
[White "Pham, Khoi"]
[Black "Droin, Augustin"]
[Result "1-0"]
[BlackTitle "FM"]
[WhiteElo "2048"]
[BlackElo "2313"]
[WhiteFideId "1054988"]
[BlackFideId "45105987"]
[EventDate "2020.05.26"]

1. d4 d5 2. c4 c6 3. Nf3 Nf6 4. Nc3 e6 5. g3 Bd6 6. Bg2 O-O 7. O-O b6 8. Qc2
Nbd7 9. Re1 dxc4 10. e4 e5 11. dxe5 Nxe5 12. Nxe5 Bxe5 13. Be3 Ng4 14. Bd2 Qc7
15. Ne2 b5 16. h3 Nf6 17. Be3 Nd7 18. f4 Bd6 19. b3 cxb3 20. axb3 Bb7 21. e5 Bb4
22. Red1 c5 23. Be4 Bxe4 24. Qxe4 Rad8 25. Nc1 Nf6 26. Qf3 Rxd1+ 27. Qxd1 Rd8
28. Qc2 Nd5 29. Bf2 Qd7 30. Nd3 Bc3 31. Nxc5 Qxh3 32. Rd1 h5 33. Ne4 h4 34. Qxc3
Qg4 35. Qd3 hxg3 36. Bxg3 f6 37. Nf2 Qe6 38. f5 Qf7 39. e6 Qh5 40. Ne4 Kh7 41.
e7 Nxe7 42. Qxd8 Nxf5 43. Bf2 Qg4+ 44. Kf1 Qxe4 45. Qd3 Qh1+ 46. Ke2 Qh5+ 47.
Kd2 Qg6 48. Rh1+ Kg8 49. Qd5+ Kf8 50. Rh8+ Ke7 51. Bc5+ 1-0

[Event "Euro Online U2300 Day 2"]
[Site "chess.com INT"]
[Date "2020.05.26"]
[Round "2"]
[White "Hasanagic, Alim"]
[Black "Kacharava, Nikolozi"]
[Result "1-0"]
[WhiteTitle "CM"]
[BlackTitle "IM"]
[WhiteElo "2225"]
[BlackElo "2437"]
[WhiteFideId "14605198"]
[BlackFideId "13611860"]
[EventDate "2020.05.26"]

1. d4 d6 2. c4 e5 3. Nf3 e4 4. Ng5 f5 5. g3 Be7 6. Nh3 Nf6 7. Bg2 O-O 8. O-O c6
9. Nc3 d5 10. cxd5 Nxd5 11. f3 exf3 12. Bxf3 Be6 13. Nf4 Nxf4 14. Bxf4 Bf6 15.
d5 cxd5 16. Nxd5 Na6 17. Nxf6+ Qxf6 18. Bxb7 Rad8 19. Qc2 Bd5 20. Bxd5+ Rxd5 21.
Qc4 Rd8 22. Rad1 Qe6 23. Rd3 Nc5 24. Rxd5 Rxd5 25. b4 Ne4 26. Kg2 h6 27. Rd1 Rd6
28. Qxe6+ Rxe6 29. Rd8+ Kh7 30. Rd7 a6 31. a3 Nc3 32. Kf3 Nxe2 33. Be3 Nc3 34.
Bd4 Nb5 35. Rxg7+ Kh8 36. Bb2 Rd6 37. Rg6+ Kh7 38. Rg7+ Kh8 39. Be5 Rd3+ 40. Kf4
Rxa3 41. Kxf5 Re3 42. Bf6 Nd6+ 43. Kg6 Ne4 44. Re7+ Nxf6 45. Rxe3 Ng8 46. Re8 h5
47. Kf7 Kh7 48. Rxg8 h4 49. gxh4 1-0

[Event "Euro Online U2300 Day 2"]
[Site "chess.com INT"]
[Date "2020.05.26"]
[Round "2"]
[White "Kiremitciyan, Ari"]
[Black "Deuer, Marius"]
[Result "1-0"]
[WhiteTitle "FM"]
[WhiteElo "2281"]
[BlackElo "2122"]
[WhiteFideId "6373445"]
[BlackFideId "16236432"]
[EventDate "2020.05.26"]

1. d4 Nf6 2. c4 e6 3. Nf3 b6 4. g3 Ba6 5. b3 Bb4+ 6. Bd2 Be7 7. Bg2 O-O 8. O-O
d5 9. Ne5 Bb7 10. Nc3 Nbd7 11. cxd5 exd5 12. Nd3 c5 13. Nf4 cxd4 14. Ncxd5 Nxd5
15. Nxd5 Nc5 16. Nxe7+ Qxe7 17. Bxb7 Qxb7 18. Bb4 Rfd8 19. Bxc5 bxc5 20. Rc1
Rac8 21. Qd3 Rd5 22. Rc2 Qe7 23. Rfc1 Re8 24. Qb5 Re5 25. Rxc5 Rxe2 26. Qxe8+
Qxe8 27. Rc8 g6 28. Rxe8+ Rxe8 29. Kf1 Re6 30. Rc4 Rd6 31. Ke2 h5 32. Kd3 h4 33.
Rxd4 hxg3 34. hxg3 Ra6 35. a4 Kg7 36. Kc4 Kf6 37. Kb4 Kf5 38. Rf4+ Ke6 39. a5 f5
40. Rc4 Ke5 41. Rc7 Ke4 42. Kb5 Rd6 43. Rxa7 Kf3 44. Rc7 Kxf2 45. Rc3 g5 46. a6
Rd8 47. a7 Rg8 48. Ka6 f4 49. gxf4 gxf4 50. b4 f3 51. b5 Ke2 52. b6 f2 53. Rc2+
Ke3 54. Rxf2 Kxf2 55. b7 Rg6+ 56. Kb5 Rg5+ 57. Kc6 Rg6+ 58. Kd5 Rg5+ 59. Ke6
Rg6+ 60. Kf5 1-0